000 01380cgm a2200325 4500
001 E1825
008 090401t1993 xxu||||| |||| 00| 0 eng d
035 _a(Sirsi) u35857
041 _aeng
050 _a333.73
100 _aWilbourn, Philip
245 _aContaminated land (past pollution - a present problem?) (Sound recording).
260 _aLondon
_bRICS and the College of Estate Managemen
_c1993
300 _a1 sound cassette (60 min)
350 _a10.21
490 _aOwlion Audio Programme
520 _aCOPIES NO LONGER AVAILABLE. TAPE AVAILABLE FOR LOAN AS PART OF THE CPD STUDY PACK Contaminated Land and Pollution Control (ISBN 0947763791). The aim of this programme is to define what is meant by contaminated land, to establish whether or not past pollution presents a current problem, and to identify the responsibilities of surveyors in advising their clients as to how they might avoid falling foul of the law.
650 _aCONTAMINATED LAND
650 _aENVIRONMENTAL ISSUES
650 _aENVIRONMENTAL PROTECTION ACT 1990
690 _aENVIRONMENTAL AND LAND CONSULTANCY
700 _aCave, Alan
700 _aJackson, Neil
700 _aStapleton, Tim
700 _aThompson, Hilary
710 _aRoyal Institution of Chartered Surveyors
_94900
710 _aCollege of Estate Management
_9400
942 _n0
948 _c04/03/1997
999 _c85211
_d85211